000 00676cam a22002054a 4500
020 _a0072935863 (alk. paper)
040 _cDLC
082 0 0 _a658 IRW 2005 A038 Or.
100 1 _aHaag, Stephen.
245 1 0 _aManagement information systems for the information age /
250 _a5th ed.
260 _aBoston, Mass. :
_bMcGraw-Hill Irwin,
_c2005.
300 _axxxiii, 554 p. :
_bcol. ill. ;
_c28 cm.
_e+ 2 CD-ROMS (4 3/4 in.)
650 0 _aManagement information systems.
650 0 _aInformation technology.
700 1 _aCummings, Maeve.
700 1 _aMcCubbrey, Donald J.
856 4 1 _uhttp://www.loc.gov/catdir/enhancements/fy0702/2004053851-t.html
942 _cEK
999 _c11682
_d11682